000 00286nam a2200109Ia 4500
008 190914s9999||||xx |||||||||||||| ||und||
100 _aEugene F.Brigham
245 0 _aFinancial Management theory and Practice
260 _aKarachi
_bBismillah book
_c1998
300 _a1180
942 _cBK
999 _c8430
_d8430